00355 2200157 4500001002100000005001500021035002000036245004000056100001700096300001100113260002700124082000800151084001400159990001200173990001200185INLIS00000000000247020250604105644 a0010-06250000561 aAnekdot Para Bandot /cTim Meopress0 aTim Meopress a98 hlm bMedia Pressindo,c2006 a813 a813 TIM a a0712300 a0712301